<?xml version="1.0" encoding="UTF-8"?><?xml-stylesheet type="text/xsl" href="static/style.xsl"?><OAI-PMH xmlns="http://www.openarchives.org/OAI/2.0/" xmlns:xsi="http://www.w3.org/2001/XMLSchema-instance" xsi:schemaLocation="http://www.openarchives.org/OAI/2.0/ http://www.openarchives.org/OAI/2.0/OAI-PMH.xsd"><responseDate>2026-04-13T13:27:47Z</responseDate><request verb="GetRecord" identifier="oai:www.recercat.cat:2445/224606" metadataPrefix="marc">https://recercat.cat/oai/request</request><GetRecord><record><header><identifier>oai:recercat.cat:2445/224606</identifier><datestamp>2026-04-07T21:40:25Z</datestamp><setSpec>com_2072_1057</setSpec><setSpec>col_2072_478805</setSpec><setSpec>col_2072_478917</setSpec></header><metadata><record xmlns="http://www.loc.gov/MARC21/slim" xmlns:dcterms="http://purl.org/dc/terms/" xmlns:xsi="http://www.w3.org/2001/XMLSchema-instance" xmlns:doc="http://www.lyncode.com/xoai" xsi:schemaLocation="http://www.loc.gov/MARC21/slim http://www.loc.gov/standards/marcxml/schema/MARC21slim.xsd">
   <leader>00925njm 22002777a 4500</leader>
   <datafield ind2=" " ind1=" " tag="042">
      <subfield code="a">dc</subfield>
   </datafield>
   <datafield ind2=" " ind1=" " tag="720">
      <subfield code="a">Peñalver i Cabré, Alexandre</subfield>
      <subfield code="e">author</subfield>
   </datafield>
   <datafield ind2=" " ind1=" " tag="720">
      <subfield code="a">Salazar Ortuño, Eduardo</subfield>
      <subfield code="e">author</subfield>
   </datafield>
   <datafield ind2=" " ind1=" " tag="260">
      <subfield code="c">2025-12-02T17:11:58Z</subfield>
   </datafield>
   <datafield ind2=" " ind1=" " tag="260">
      <subfield code="c">2025-12-02T17:11:58Z</subfield>
   </datafield>
   <datafield ind2=" " ind1=" " tag="260">
      <subfield code="c">2021</subfield>
   </datafield>
   <datafield ind2=" " ind1=" " tag="260">
      <subfield code="c">2025-12-02T17:11:58Z</subfield>
   </datafield>
   <datafield ind2=" " ind1=" " tag="520">
      <subfield code="a">La jurisprudencia del Tribunal de Justicia de la Unión Europea (TJUE) continua con el doble criterio sobre acceso a la justicia en medio ambiente: muy exigente hacia los tribunales estatales y muy restrictiva ante él mismo al mantener la doctrina Plaumann que exige una afectación directa e individual. Para superar estas restricciones ante el TJUE y dar respuesta a las exigencias del Comité de Cumplimiento del Convenio de Aarhus, la Comisión ha planteado una propuesta de modificación del Reglamento Aarhus. Además, ha aprovechado la ocasión para adoptar una nueva Comunicación sobre acceso a la justicia en medio ambiente cuyos destinarios son los estados miembros. En el Estado español, la jurisprudencia del Tribunal Supremo confirma la tradicional legitimación por interés legítimo colectivo ambiental de las ONGs, pero se aprecia una interpretación restrictiva de la legitimación por habilitación legal ambiental de las ONGs. La pervivencia en el Tribunal Supremo de una visión formal del acceso a la justicia en medio ambiente tiene dos efectos negativos. Primero, impide superar las barreras económicas al hacer una interpretación limitadora del derecho a la asistencia jurídica gratuita de la Ley 27/2006 en los casos de condena en costas. Y segundo, mantiene una visión restrictiva de las pretensiones contraria a una tutela judicial efectiva ambiental.</subfield>
   </datafield>
   <datafield tag="653" ind2=" " ind1=" ">
      <subfield code="a">Accés a la justícia</subfield>
   </datafield>
   <datafield tag="653" ind2=" " ind1=" ">
      <subfield code="a">Medi ambient</subfield>
   </datafield>
   <datafield tag="653" ind2=" " ind1=" ">
      <subfield code="a">Països de la Unió Europea</subfield>
   </datafield>
   <datafield tag="653" ind2=" " ind1=" ">
      <subfield code="a">Access to justice</subfield>
   </datafield>
   <datafield tag="653" ind2=" " ind1=" ">
      <subfield code="a">Natural environment</subfield>
   </datafield>
   <datafield tag="653" ind2=" " ind1=" ">
      <subfield code="a">European Union countries</subfield>
   </datafield>
   <datafield ind2="0" ind1="0" tag="245">
      <subfield code="a">El acceso a la justicia en materia de medio ambiente en la Unión Europea y en España: un largo camino aún por recorrer</subfield>
   </datafield>
</record></metadata></record></GetRecord></OAI-PMH>